<?xml version="1.0" encoding="UTF-8"?>
<record
    xmlns:xsi="http://www.w3.org/2001/XMLSchema-instance"
    xsi:schemaLocation="http://www.loc.gov/MARC21/slim http://www.loc.gov/standards/marcxml/schema/MARC21slim.xsd"
    xmlns="http://www.loc.gov/MARC21/slim">

  <leader>00742nam a2200205Ia 4500</leader>
  <controlfield tag="005">20220215153802.0</controlfield>
  <controlfield tag="008">210716s2013    xx            000 0 und d</controlfield>
  <datafield tag="020" ind1=" " ind2=" ">
    <subfield code="a">9788131730805</subfield>
  </datafield>
  <datafield tag="040" ind1=" " ind2=" ">
    <subfield code="c">AIMIT LIBRARY</subfield>
  </datafield>
  <datafield tag="041" ind1=" " ind2=" ">
    <subfield code="a">eng</subfield>
  </datafield>
  <datafield tag="082" ind1=" " ind2=" ">
    <subfield code="a">658.802 </subfield>
    <subfield code="2">5</subfield>
    <subfield code="b">PRAC</subfield>
  </datafield>
  <datafield tag="100" ind1=" " ind2=" ">
    <subfield code="a">Prahalad, C K.</subfield>
    <subfield code="9">20013</subfield>
  </datafield>
  <datafield tag="245" ind1=" " ind2=" ">
    <subfield code="a">Fortune at the bottom of the pyramid :</subfield>
    <subfield code="b">eradicating poverty through profits.</subfield>
    <subfield code="c">By C. K. Prahalad.</subfield>
  </datafield>
  <datafield tag="250" ind1=" " ind2=" ">
    <subfield code="a">5th ed.</subfield>
    <subfield code="b">Revised and updated 5th anniversary edition</subfield>
  </datafield>
  <datafield tag="260" ind1=" " ind2=" ">
    <subfield code="a">New Delhi :</subfield>
    <subfield code="b">Pearson Education ,</subfield>
    <subfield code="c">2013.</subfield>
  </datafield>
  <datafield tag="300" ind1=" " ind2=" ">
    <subfield code="a">Xix, 401p. ;</subfield>
    <subfield code="c">23 cm.</subfield>
  </datafield>
  <datafield tag="650" ind1=" " ind2=" ">
    <subfield code="a">Innovative practices at the bottom of the pyramid</subfield>
    <subfield code="9">20014</subfield>
  </datafield>
  <datafield tag="650" ind1=" " ind2=" ">
    <subfield code="a">Development as social transformation</subfield>
    <subfield code="9">20015</subfield>
  </datafield>
  <datafield tag="942" ind1=" " ind2=" ">
    <subfield code="2">ddc</subfield>
    <subfield code="c">BK</subfield>
    <subfield code="e">5th</subfield>
    <subfield code="k">658.802 PRAC</subfield>
  </datafield>
  <datafield tag="999" ind1=" " ind2=" ">
    <subfield code="c">207809</subfield>
    <subfield code="d">207809</subfield>
  </datafield>
  <datafield tag="952" ind1=" " ind2=" ">
    <subfield code="0">0</subfield>
    <subfield code="1">0</subfield>
    <subfield code="2">ddc</subfield>
    <subfield code="4">0</subfield>
    <subfield code="7">0</subfield>
    <subfield code="8">MBA</subfield>
    <subfield code="a">AIMIT</subfield>
    <subfield code="b">AIMIT</subfield>
    <subfield code="d">2013-01-15</subfield>
    <subfield code="g">650.00</subfield>
    <subfield code="i">Bill no:1069; Bill dt:2013-01-10</subfield>
    <subfield code="l">0</subfield>
    <subfield code="o">658.802 PRAC</subfield>
    <subfield code="p">MBA10375</subfield>
    <subfield code="r">2026-05-23 00:00:00</subfield>
    <subfield code="v">487.50</subfield>
    <subfield code="w">2021-07-16</subfield>
    <subfield code="y">BK</subfield>
  </datafield>
  <datafield tag="952" ind1=" " ind2=" ">
    <subfield code="0">0</subfield>
    <subfield code="1">0</subfield>
    <subfield code="2">ddc</subfield>
    <subfield code="4">0</subfield>
    <subfield code="7">0</subfield>
    <subfield code="8">MBA</subfield>
    <subfield code="a">AIMIT</subfield>
    <subfield code="b">AIMIT</subfield>
    <subfield code="d">2013-01-15</subfield>
    <subfield code="g">650.00</subfield>
    <subfield code="i">Bill no:; Bill dt:2013-01-10</subfield>
    <subfield code="l">0</subfield>
    <subfield code="o">658.802 PRAC</subfield>
    <subfield code="p">MBA10376</subfield>
    <subfield code="r">2026-05-23 00:00:00</subfield>
    <subfield code="v">650.00</subfield>
    <subfield code="w">2021-07-16</subfield>
    <subfield code="y">BK</subfield>
  </datafield>
  <datafield tag="952" ind1=" " ind2=" ">
    <subfield code="0">0</subfield>
    <subfield code="1">0</subfield>
    <subfield code="2">ddc</subfield>
    <subfield code="4">0</subfield>
    <subfield code="7">0</subfield>
    <subfield code="8">MBA</subfield>
    <subfield code="a">AIMIT</subfield>
    <subfield code="b">AIMIT</subfield>
    <subfield code="d">2013-01-15</subfield>
    <subfield code="g">650.00</subfield>
    <subfield code="i">Bill no:; Bill dt:2013-01-10</subfield>
    <subfield code="l">0</subfield>
    <subfield code="o">658.802 PRAC</subfield>
    <subfield code="p">MBA10377</subfield>
    <subfield code="r">2026-05-23 00:00:00</subfield>
    <subfield code="v">650.00</subfield>
    <subfield code="w">2021-07-16</subfield>
    <subfield code="y">BK</subfield>
  </datafield>
  <datafield tag="952" ind1=" " ind2=" ">
    <subfield code="0">0</subfield>
    <subfield code="1">0</subfield>
    <subfield code="2">ddc</subfield>
    <subfield code="4">0</subfield>
    <subfield code="7">0</subfield>
    <subfield code="8">MBA</subfield>
    <subfield code="a">AIMIT</subfield>
    <subfield code="b">AIMIT</subfield>
    <subfield code="d">2013-01-15</subfield>
    <subfield code="g">650.00</subfield>
    <subfield code="i">Bill no:; Bill dt:2013-01-10</subfield>
    <subfield code="l">0</subfield>
    <subfield code="o">658.802 PRAC</subfield>
    <subfield code="p">MBA10378</subfield>
    <subfield code="r">2026-05-23 00:00:00</subfield>
    <subfield code="v">650.00</subfield>
    <subfield code="w">2021-07-16</subfield>
    <subfield code="y">BK</subfield>
  </datafield>
  <datafield tag="952" ind1=" " ind2=" ">
    <subfield code="0">0</subfield>
    <subfield code="1">0</subfield>
    <subfield code="2">ddc</subfield>
    <subfield code="4">0</subfield>
    <subfield code="7">0</subfield>
    <subfield code="8">MBA</subfield>
    <subfield code="a">AIMIT</subfield>
    <subfield code="b">AIMIT</subfield>
    <subfield code="d">2013-01-15</subfield>
    <subfield code="g">650.00</subfield>
    <subfield code="i">Bill no:; Bill dt:2013-01-10</subfield>
    <subfield code="l">0</subfield>
    <subfield code="o">658.802 PRAC</subfield>
    <subfield code="p">MBA10379</subfield>
    <subfield code="r">2026-05-23 00:00:00</subfield>
    <subfield code="v">650.00</subfield>
    <subfield code="w">2021-07-16</subfield>
    <subfield code="y">BK</subfield>
  </datafield>
  <datafield tag="952" ind1=" " ind2=" ">
    <subfield code="0">0</subfield>
    <subfield code="1">0</subfield>
    <subfield code="2">ddc</subfield>
    <subfield code="4">0</subfield>
    <subfield code="7">0</subfield>
    <subfield code="8">MBA</subfield>
    <subfield code="a">AIMIT</subfield>
    <subfield code="b">AIMIT</subfield>
    <subfield code="d">2013-01-15</subfield>
    <subfield code="g">650.00</subfield>
    <subfield code="i">Bill no:1069; Bill dt:2013-01-10</subfield>
    <subfield code="l">0</subfield>
    <subfield code="o">658.802 PRAC</subfield>
    <subfield code="p">MBA10380</subfield>
    <subfield code="r">2026-05-23 00:00:00</subfield>
    <subfield code="v">487.50</subfield>
    <subfield code="w">2021-07-16</subfield>
    <subfield code="y">BK</subfield>
  </datafield>
</record>
